| 000 -LEADER |
| fixed length control field |
01599cam a22003858a 4500 |
| 001 - CONTROL NUMBER |
| control field |
16012431 |
| 003 - CONTROL NUMBER IDENTIFIER |
| control field |
OSt |
| 005 - DATE AND TIME OF LATEST TRANSACTION |
| control field |
20210916121738.0 |
| 008 - FIXED-LENGTH DATA ELEMENTS--GENERAL INFORMATION |
| fixed length control field |
091208s2010 nyua 000 0 eng |
| 010 ## - LIBRARY OF CONGRESS CONTROL NUMBER |
| LC control number |
2009049167 |
| 020 ## - INTERNATIONAL STANDARD BOOK NUMBER |
| International Standard Book Number |
9780071321266 |
| 038 ## - RECORD CONTENT LICENSOR |
| Staff Name |
khadija |
| 040 ## - CATALOGING SOURCE |
| Original cataloging agency |
DLC |
| Transcribing agency |
DLC |
| Modifying agency |
DLC |
| 050 00 - LIBRARY OF CONGRESS CALL NUMBER |
| Classification number |
QA303.2 |
| Item number |
.W74 2010 |
| 082 00 - DEWEY DECIMAL CLASSIFICATION NUMBER |
| Classification number |
515 |
| Edition number |
22 |
| Author Mark |
WRE |
| 100 1# - MAIN ENTRY--PERSONAL NAME |
| Personal name |
Wrede, Robert C. |
| 9 (RLIN) |
69300 |
| 245 10 - TITLE STATEMENT |
| Title |
Schaum's outline of advanced calculus / |
| Statement of responsibility, etc. |
Robert Wrede, Murray R. Spiegel. |
| 246 30 - VARYING FORM OF TITLE |
| Title proper/short title |
Advanced calculus |
| 250 ## - EDITION STATEMENT |
| Edition statement |
3rd ed |
| 260 ## - PUBLICATION, DISTRIBUTION, ETC. |
| Place of publication, distribution, etc. |
New York : |
| Name of publisher, distributor, etc. |
McGraw-Hill, |
| Date of publication, distribution, etc. |
c2010. |
| 300 ## - PHYSICAL DESCRIPTION |
| Extent |
ix, 445 p. : |
| Other physical details |
ill. ; |
| Dimensions |
28 cm. |
| 490 0# - SERIES STATEMENT |
| Series statement |
Schaum's outline series |
| 500 ## - GENERAL NOTE |
| General note |
Rev. ed. of: Schaum's outline of theory and problems of advanced calculus. 2nd ed. c2002. |
| 563 ## - BINDING INFORMATION |
| Binding note |
paperback |
| 650 #0 - SUBJECT ADDED ENTRY--TOPICAL TERM |
| Topical term or geographic name entry element |
Calculus |
| Form subdivision |
Outlines, syllabi, etc. |
| 9 (RLIN) |
82502 |
| 650 #0 - SUBJECT ADDED ENTRY--TOPICAL TERM |
| Topical term or geographic name entry element |
Calculus |
| Form subdivision |
Problems, exercises, etc. |
| 9 (RLIN) |
82503 |
| 700 1# - ADDED ENTRY--PERSONAL NAME |
| Personal name |
Spiegel, Murray R. |
| 9 (RLIN) |
51 |
| 700 1# - ADDED ENTRY--PERSONAL NAME |
| Personal name |
Wrede, Robert C. |
| Title of a work |
Schaum's outline of theory and problems of advanced calculus. |
| 9 (RLIN) |
82504 |
| 856 42 - ELECTRONIC LOCATION AND ACCESS |
| Materials specified |
Contributor biographical information |
| Uniform Resource Identifier |
<a href="http://www.loc.gov/catdir/enhancements/fy1003/2009049167-b.html">http://www.loc.gov/catdir/enhancements/fy1003/2009049167-b.html</a> |
| 856 42 - ELECTRONIC LOCATION AND ACCESS |
| Materials specified |
Publisher description |
| Uniform Resource Identifier |
<a href="http://www.loc.gov/catdir/enhancements/fy1003/2009049167-d.html">http://www.loc.gov/catdir/enhancements/fy1003/2009049167-d.html</a> |
| 856 41 - ELECTRONIC LOCATION AND ACCESS |
| Materials specified |
Table of contents only |
| Uniform Resource Identifier |
<a href="http://www.loc.gov/catdir/enhancements/fy1003/2009049167-t.html">http://www.loc.gov/catdir/enhancements/fy1003/2009049167-t.html</a> |
| 906 ## - LOCAL DATA ELEMENT F, LDF (RLIN) |
| a |
7 |
| b |
cbc |
| c |
orignew |
| d |
1 |
| e |
ecip |
| f |
20 |
| g |
y-gencatlg |
| 942 ## - ADDED ENTRY ELEMENTS (KOHA) |
| Source of classification or shelving scheme |
|
| Koha item type |
Book |